Southville International School and Colleges
Your cart is empty.
  • Cart
  • Lists
    Public lists list_1 View all
    Your lists Log in to create your own lists
  • Log in to your account
  • Your cookies
  • Search history
Southville International School and Colleges
  • Advanced search
  • Recent comments
  • Most popular
  • Libraries

Log in to your account

Log in with GOOGLE


If you do not have an external account, but do have a local account, you can still log in:

  1. Home
  2. MARC view: The kids' encyclopedia of things to make and do /
Normal view MARC view ISBD view

The kids' encyclopedia of things to make and do / (Record no. 104985)

[ view plain ]
MARC details
000 -LEADER
fixed length control field 00773nam a2200181 a 4500
005 - DATE AND TIME OF LATEST TRANSACTION
control field 20140412111333.0
008 - FIXED-LENGTH DATA ELEMENTS--GENERAL INFORMATION
fixed length control field 050418s19uu xx 00 eng d
020 ## - INTERNATIONAL STANDARD BOOK NUMBER
International Standard Book Number 0-934140-51-0
050 ## - LIBRARY OF CONGRESS CALL NUMBER
Classification number TR(GS 372.13
Item number R34 1988
100 ## - MAIN ENTRY--PERSONAL NAME
Personal name Rasmussen, Richard Michael
245 ## - TITLE STATEMENT
Title The kids' encyclopedia of things to make and do /
Statement of responsibility, etc compiled and written by Richard Michael Rasmussen and Ronda Lea Rasmussen ; illustrated by Pamela Morehouse.
260 ## - PUBLICATION, DISTRIBUTION, ETC. (IMPRINT)
Place of publication, distribution, etc Minnesota :
Name of publisher, distributor, etc Toys 'n Things Press,
Date of publication, distribution, etc 1988.
300 ## - PHYSICAL DESCRIPTION
Extent 244 p. ; ill.
520 ## - SUMMARY, ETC.
Summary, etc Instructions for over 1800 art and craft projects which are listed in alphabetical order by subject.
650 ## - SUBJECT ADDED ENTRY--TOPICAL TERM
Topical term or geographic name as entry element Creative activities ans seat work
General subdivision Juvenile literature
650 ## - SUBJECT ADDED ENTRY--TOPICAL TERM
Topical term or geographic name as entry element Handicraft
General subdivision Juvenile literature
Holdings
Withdrawn status Lost status Damaged status Home library Current library Shelving location Date acquired Source of acquisition Total Checkouts Full call number Barcode Date last seen Price effective from Koha item type
      Elizalde Library Elizalde Library Teachers Reference Section 04/18/2005     TR(GS 372.13 R34 1988 E9193 04/12/2014 04/12/2014 Books

The kids' encyclopedia of things to make and do /

APA

Rasmussen R. M., . (1988). The kids' encyclopedia of things to make and do. Minnesota: Toys 'n Things Press.

Chicago

Rasmussen Richard Michael, . 1988. The kids' encyclopedia of things to make and do. Minnesota: Toys 'n Things Press.

Harvard

Rasmussen R. M., . (1988). The kids' encyclopedia of things to make and do. Minnesota: Toys 'n Things Press.

MLA

Rasmussen Richard Michael, . The kids' encyclopedia of things to make and do. Minnesota: Toys 'n Things Press. 1988.

  • Place hold
  • Print
  • Cite
  • Add to your cart (remove)
  • Save record
    BIBTEX Dublin Core MARCXML MARC (non-Unicode/MARC-8) MARC (Unicode/UTF-8) MARC (Unicode/UTF-8, Standard) MODS (XML) RIS
  • More searches
    Search for this title in:
    Other Libraries (WorldCat) Other Databases (Google Scholar) Online Stores (Bookfinder.com) Open Library (openlibrary.org)

Exporting to Dublin Core...

SOUTHVILLE LIBRARY

Southville International School and Colleges Library

1281 Tropical Ave. Cor. Luxembourg St., BF Homes International, Las Pinas City

Tel. No. 8256374 / 252358 Loc. 117/146

Powered by Koha